| 000 | 00595nam a2200181Ia 4500 | ||
|---|---|---|---|
| 003 | GCL | ||
| 008 | 140319s9999 xx 000 0 ara d | ||
| 040 |
_aGCL / _cGCL |
||
| 082 | 0 | 4 |
_a811.9 _bم و |
| 100 | 1 | _aاحمد محمد الحوفى | |
| 245 | 1 | 0 |
_aوحدة الثقافة والتاريخ فى الشعر الحديث / _cاحمد محمد الحوفى |
| 260 |
_a[S.N] : _bمعهد الدراسات العربية العالية ، _c1965 |
||
| 300 | _a63 ص | ||
| 650 | 0 | 4 | _aالشعر العربى |
| 650 | 0 | 4 | _aالادب العربى |
| 650 | 0 | 4 | _aتاريخ |
| 942 |
_2ddc _cREF |
||
| 999 |
_c59409 _d59409 |
||